| 000 | 00000nam 2200000zi 4500 |
| 001 | 9.932549 |
| 003 | CaOODSP |
| 005 | 20240215152216 |
| 006 | m o d f |
| 007 | cr |n||||||||| |
| 008 | 240116e202402 onc o f100 0 eng d |
| 020 | |a9780660696539 |
| 040 | |aCaOODSP|beng|erda|cCaOODSP |
| 043 | |an-cn--- |
| 086 | 1 |aFs70-4/2024-007E-PDF |
| 245 | 00|aProceedings of the regional peer review meeting of the assessment of the northern contingent of Atlantic mackerel (Scomber scombrus), February 20-22, 2023, Mont-Joli, QC / |cchairperson: Marie-Julie Roux ; editor: Sonia Dubé. |
| 264 | 1|aOttawa ON : |bCanadian Science Advisory Secretariat (CSAS), |cFebruary 2024. |
| 264 | 4|c©2024 |
| 300 | |a1 online resource (iv, 12 pages). |
| 336 | |atext|btxt|2rdacontent |
| 337 | |acomputer|bc|2rdamedia |
| 338 | |aonline resource|bcr|2rdacarrier |
| 490 | 1 |aProceedings series, |x1701-1280 ; |v2024/007 |
| 500 | |aIssued also in French under title: Compte rendu de l'examen par les pairs régional sur l'évaluation du contingent Nord du maquereau bleu (Scomber scombrus) du 20 au 22 février 2023, Mont-Joli, Québec. |
| 650 | 0|aAtlantic mackerel fisheries|zAtlantic Coast (Canada)|vCongresses. |
| 650 | 0|aFish stock assessment|zArctic Coast (Canada)|vCongresses. |
| 655 | 7|aConference papers and proceedings|2lcgft |
| 700 | 1 |aRoux, M.-J. |q(Marie-Julie) |
| 710 | 2 |aCanadian Science Advisory Secretariat, |eissuing body. |
| 710 | 1 |aCanada. |bDepartment of Fisheries and Oceans. |bQuebec Region, |eissuing body. |
| 775 | 08|tCompte rendu de l'examen par les pairs régional sur l'évaluation du contingent Nord du maquereau bleu (Scomber scombrus) du 20 au 22 février 2023, Mont-Joli, Québec / |w(CaOODSP)9.932550 |
| 830 | #0|aProceedings series (Canadian Science Advisory Secretariat)|v2024/007.|w(CaOODSP)9.506483 |
| 856 | 40|qPDF|s444 KB|uhttps://publications.gc.ca/collections/collection_2024/mpo-dfo/fs70-4/Fs70-4-2024-007-eng.pdf |